00222nam a2200097Ia 4500008004100000100000900041245002300050260002700073942000700100999001700107190216s9999||||xx |||||||||||||| ||und|| aNull 0aHindi-Rajiv Ghandi bPrabhakar Publications cBK c18222d18222